MARC

LEADER 00000nam0a2200000 4500
001 164865
005 20231101222518.0
020 |a RU  |b 88-1815 
035 |a (RuTPU)RU\TPU\book\178860 
090 |a 164865 
100 |a 20090911d1987 m y0rusy5003 ca 
101 0 |a rus 
102 |a RU 
105 |a a z 001ab 
200 1 |a Избранное  |f А. А. Дельвиг  |g сост., авт. предисл., биогр. очерки и прим. В. В. Кунин ; худож. А. В. Озеревская ; А. Т. Яковлев 
210 |a Москва  |c Правда  |d 1987 
215 |a 638,[1] с.  |c ил.  |d 21 см 
320 |a Библиогр. в примеч.: с. 598-632 
423 |t Избранное  |f В. К. Кюхельбекер  |a Кюхельбекер, Вильгельм Карлович 
600 1 |a Дельвиг  |b А. А.  |f 1798-1831  |g Антон Антонович  |c русский поэт  |2 stltpush  |3 (RuTPU)RU\TPU\pers\3695 
600 1 |a Кюхельбекер  |b В. К.  |c российский поэт  |c декабрист  |f 1797-1846  |g Вильгельм Карлович  |2 stltpush  |3 (RuTPU)RU\TPU\pers\11921  |9 3030 
610 1 |a поэзия 
610 1 |a стихотворения 
610 1 |a статьи 
610 1 |a воспоминания 
610 1 |a биографическая проза 
610 1 |a романы 
610 1 |a повести 
675 |a Р1  |z rus 
700 1 |a Дельвиг  |b А. А.  |c русский поэт  |f 1798-1831  |g Антон Антонович  |2 stltpush  |3 (RuTPU)RU\TPU\pers\3695  |9 815 
702 1 |a Кунин   |b В. В.  |g Виктор Владимирович  |4 220 
702 1 |a Озеревская  |b А. В.  |4 440 
702 1 |a Яковлев  |b А. Т.  |4 440 
801 0 |a RU  |b RuMRKP  |c 19950417  |g psbo 
801 1 |a RU  |b 63413507  |c 20090911 
801 2 |a RU  |b 63413507  |c 20090911  |g RCR 
942 |c BK